Glaubensbekenntnis - Fehlende Wörter - Statistiken

Allgemein
  • Dieses Quiz wurde 423 mal gespielt
  • Das Durchschnittsergebnis liegt bei 15 aus 23
Antwortstatistiken
Verse % Korrekt
Ich glaube an {Gott},
99%
den {Schöpfer} des Himmels und der Erde.
83%
den Vater, den {Allmächtigen},
80%
Und an {Jesus} {Christus},
79%
geboren von der {Jungfrau} {Maria},
78%
aufgefahren in den {Himmel};
76%
hinabgestiegen in das {Reich} {des} {Todes},
72%
am {dritten} {Tage} auferstanden von den Toten,
70%
gelitten unter {Pontius} {Pilatus},
69%
seinen {eingeborenen} {Sohn}, unsern Herrn,
69%
er sitzt zur {Rechten} {Gottes},
67%
von dort wird er {kommen},
63%
Ich glaube an den {Heiligen} {Geist},
62%
Vergebung der {Sünden},
62%
die heilige {katholische} {Kirche},
60%
zu richten die {Lebenden} und die {Toten}.
60%
{empfangen} durch den Heiligen Geist,
59%
{Auferstehung} der Toten
57%
{Amen}.
56%
des {allmächtigen} {Vaters};
53%
und das {ewige} {Leben}.
53%
{gekreuzigt}, {gestorben} und {begraben},
52%
{Gemeinschaft} der Heiligen,
50%
Keine übereinstimmenden Quizze gefunden
Verteilung der Resultate
Anzahl Personen mit jedem Resultat
Perzentil nach korrekt beantworteten Fragen
Ihre Resultats-Entwicklung
Sie haben dieses Quiz noch nicht gespielt